| 000 | 00621nam a22002057a 4500 | ||
|---|---|---|---|
| 001 | 84355 | ||
| 003 | BD-RjUL | ||
| 005 | 20241124152418.0 | ||
| 008 | 241124s19601948pk ||||| |||| 00| e urd d | ||
| 035 | _a(BD-RjUL)84355 | ||
| 040 |
_aBD-RjUL _beng _cBD-RjUL |
||
| 041 | _aeng/urd | ||
| 082 |
_223 _a892.76 _bGHM 1960 |
||
| 245 | 1 | 0 |
_aمكاتيب الإمام غزالي ;; makatib al'iimam ghazali / _cالإمام احمد غزالي ;; Imam Ahmed Ghazali |
| 250 | _a5th ed. | ||
| 260 |
_aKarachi : _bInternational Press, _c1960 |
||
| 300 |
_a240 p. ; _c18 cm |
||
| 650 |
_aUrdu _vLiterature _98422 |
||
| 942 |
_2ddc _cBK |
||
| 999 |
_c84355 _d84355 |
||